| 000 | 01079nam a22003257a 4500 | ||
|---|---|---|---|
| 001 | 200460259 | ||
| 003 | TR-AnTOB | ||
| 005 | 20240522103656.0 | ||
| 008 | 240522b tu ||||| |||| 00| 0 tur d | ||
| 020 | _a975003452X | ||
| 040 |
_aTR-AnTOB _beng _cTR-AnTOB _erda |
||
| 041 | _aTUR | ||
| 092 |
_a700.7 _bAKS 2006 |
||
| 099 | _a2006 AD 11133 | ||
| 245 | 0 | 0 |
_aYöntem ve teknikleriyle görsel sanatlar eğitiminde uygulamalar / _ceditör: Vedat Özsoy ; [yazarlar]: Şeniz Aksoy ... [ve başkaları]. |
| 250 | _a1. bs. | ||
| 260 |
_aAnkara : _bGörsel Sanatlar Eğitimi Derneği, _c2006. |
||
| 300 |
_a319 Pages. : _bill. ; _c24 cm. |
||
| 336 |
_atext _btxt _2rdacontent |
||
| 337 |
_aunmediated _bn _2rdamedia |
||
| 338 |
_avolume _bnc _2rdacarrier |
||
| 440 | 0 |
_aGörsel Sanatlar Eğitimi Derneği yayınları ; _v4 |
|
| 504 | _aKaynakça bölüm sonlarındadır. | ||
| 650 | 4 |
_aGörsel sanatlar _xEğitim |
|
| 700 | 1 |
_aÖzsoy, Vedat, _d1956- , _eed. |
|
| 700 | 1 |
_aAksoy, Şeniz, _d1965- |
|
| 942 |
_2ddc _cBK |
||
| 999 |
_c200460259 _d78471 |
||